| 000 | 00735nam a2200229 i 4500 | ||
|---|---|---|---|
| 001 | 102733 | ||
| 003 | ES-MaACL | ||
| 007 | t| | ||
| 008 | 051201s2005 sp ||||1| spa d | ||
| 020 | _a84-321-3562-3 | ||
| 080 | _a821.162.1-14"19" | ||
| 100 | 1 |
_aLiebert, Jerzy. _972231 |
|
| 245 | 1 | 0 |
_aAntología poética / _cJerzy Liebert ; selección, traducción y estudio preliminar de Anna Sobieska y Antonio Benítez Burraco. |
| 260 |
_aMadrid : _bRialp, _c[2005] |
||
| 300 |
_a153 p. ; _c19 cm. |
||
| 490 | 1 |
_aAdonais ; _v584-585 |
|
| 700 | 1 |
_aSobieska, Anna. _9106987 |
|
| 700 | 1 |
_aBenítez Burraco, Antonio. _927620 |
|
| 830 | 0 | 0 |
_aAdonáis _v584-585 _9173743 |
| 852 |
_aES-MaACL _jJ-23-584-85 _bR.136909 |
||
| 999 |
_c102733 _d102733 |
||